Normal view
MARC view
- Bible stories, English
Entry Topical Term
001 - CONTROL NUMBER
- control field: 86111
003 - CONTROL NUMBER IDENTIFIER
- control field: OSt
005 - DATE AND TIME OF LATEST TRANSACTION
- control field: 20250311154759.0
008 - FIXED-LENGTH DATA ELEMENTS
- fixed length control field: 250311|| aca||aabn | a|a d
040 ## - CATALOGING SOURCE
- Original cataloging agency: OSt
- Transcribing agency: OSt
150 ## - HEADING--TOPICAL TERM
- Topical term or geographic name as entry element: Bible stories, English
- General subdivision: Old Testament
- Form subdivision: Pictorial works
- Form subdivision: Juvenile literature
670 ## - SOURCE DATA FOUND
- Source citation: Work cat.: (OSt)48574: Pasquali, Elena, author. 86110, Jonah's incredible journey :, 2012.